000 00958nam a2200277 i 4500
001 bg
100 1 _aPENNER, Robert.
245 1 0 _aFlash MX :
_bod projektowania i mechaniki ruchu po tajniki pisania poprawnego, zorientowanego obiektowo kodu /
_cRobert Penner.
246 _iTyt. oryg.:
_aRobert Penner's programming macromedia Flash MX
260 _aGliwice :
_b"Helion",
_c2003.
300 _a400 s. :
_brys. ;
_c24 cm.
490 1 _aProgramowanie
500 _aTyt. oryg.: "Robert Penner's programming macromedia Flash MX".
504 _aIndeks.
650 9 _aFlash MX
655 _aPodręczniki
830 _aProgramowanie
020 _a8373610855
040 _cBPK
041 1 _apol
_heng
080 _a004.42:004.738.52:004.92](07)
920 _a83-7361-085-5
942 _cKS
008 s pl f |000 0 pol
999 _c42980
_d42980